00839 2200253 4500001002100000005001500021035002000036007000300056008004100059020001700100082001000117084001600127100005200143245015600195250001400351300002800365600004100393264004100434336002100475337001900496338003800515990001600553990001600569INLIS00000000000595220260209075742 a0010-0226000158ta260209 0 ind  a978602869463 a373.1 a373.1 FOR r0 aFORUM KUMUNIKASI GURU MATA PELAJARANePengarang1 aREKOR NILAI 10 UN UJIAN NASIONAL & UAS SMP/MTs :bMATEMATIKA, IPA, B. INGGRIS, B. INDONESIA, PKN, IPS, TIK, KTK /cFORUM KUMUNIKASI GURU MATA PELAJARAN aCETAKAN 1 a294 hlm ;c205 x 290 mm04aFORUM KUMUNIKASI GURU MATA PELAJARAN aYOGYAKARTA :bGREAT PUBLISHER,c2022 2rdacontentaTEXT 2rdamediaaBUKU 2rdacarrieraMPK RAK KANAN LAJUR 2 a00000013839 a00000013840